000 01247nam0a2200337 4500
001 RU\NLR\BIBL_A\010864478
005 20260405195509.0
010 _a978-5-4444-3034-7
_91500
021 _aRU
_b2015-72597
_94357
035 _a(NILC)RuMoRGB-008027635
035 _a(NLR Aleph) 010864478
090 _a10437659
_c10437659
100 _a20151020d2015 |||y0rusy50 ca
101 0 _arus
102 _aRU
105 _aabchz 000yy
200 1 _aЦарство славян
_eфакты великой истории
_eDalmatia, Croatia, Bosna, Servia, Rassia, Bvlgaria
_fМавро Орбини
210 _aМосква
_cВече
_d2015
215 _a383 с.
_cил., факс., портр., карты
_d25
225 1 _aВ поисках утраченного наследия
320 _aБиблиогр. в подстроч. примеч.
333 _a12+
606 1 _aСлавяне
_xИстория
_91516178
_3RU\NLR\AUTH\66960568
686 1 _aТ3(49=Сл)0,02
700 1 _8rus
_7ca
_aОрбини
_bМ.
_fок.1563-ок.1610
_gМавро
_3RU\NLR\AUTH\7787157
_970085
801 0 _aRU
_bРГБ
_c20150924
_gRCR
942 _cBOOK
980 _aNBR
980 _aNB